Biosynthetic patterns in microorganisms and higher plants / (Record no. 12480)
[ view plain ]
| 000 -LEADER | |
|---|---|
| fixed length control field | 00890cam a22002771 4500 |
| 001 - CONTROL NUMBER | |
| control field | 12480 |
| 003 - CONTROL NUMBER IDENTIFIER | |
| rucl marc code | BD-RjUL |
| 005 - DATE AND TIME OF LATEST TRANSACTION | |
| control field | 20211208235313.0 |
| 008 - FIXED-LENGTH DATA ELEMENTS--GENERAL INFORMATION | |
| fixed length control field | 140129s1967 nyua b 001 0 eng d |
| 035 ## - SYSTEM CONTROL NUMBER | |
| System control number | (BD-RjUL)12529 |
| 040 ## - CATALOGING SOURCE | |
| Original cataloging agency | DLC |
| Transcribing agency | DLC |
| Modifying agency | DLC |
| -- | BD-RjUL |
| Language of cataloging | eng |
| 041 ## - LANGUAGE CODE | |
| Language code of text/sound track or separate title | eng |
| 082 00 - DEWEY DECIMAL CLASSIFICATION NUMBER | |
| Classification number | 660.63 |
| Author mark and year | GRB 1967 |
| 100 1# - MAIN ENTRY--PERSONAL NAME | |
| Personal name | Grisebach, H. |
| 9 (RLIN) | 38841 |
| 245 10 - TITLE STATEMENT | |
| Title | Biosynthetic patterns in microorganisms and higher plants / |
| Statement of responsibility, etc. | H. Grisebach. |
| 260 ## - PUBLICATION, DISTRIBUTION, ETC. (IMPRINT) | |
| Place of publication, distribution, etc. | New York ; |
| -- | London : |
| Name of publisher, distributor, etc. | Wiley, |
| Date of publication, distribution, etc. | c1967 |
| 300 ## - PHYSICAL DESCRIPTION | |
| Pagination | xi, 110 p. : |
| Illustrations | illus. ; |
| Size | 20 cm. |
| 504 ## - BIBLIOGRAPHY, ETC. NOTE | |
| Bibliography, etc | Includes bibliographies. |
| 650 #0 - SUBJECT ADDED ENTRY--TOPICAL TERM | |
| Topical term or geographic name as entry element | Biochemical engineering. |
| 9 (RLIN) | 38843 |
| Topical term or geographic name as entry element | Microbiological synthesis. |
| 9 (RLIN) | 214824 |
| Topical term or geographic name as entry element | Sustainable engineering |
| 9 (RLIN) | 214825 |
| Topical term or geographic name as entry element | Biomass energy |
| 9 (RLIN) | 38239 |
| 942 ## - ADDED ENTRY ELEMENTS (KOHA) | |
| Source of classification or shelving scheme | Dewey Decimal Classification |
| Koha item type | Books |
| Lost status | Source of classification or shelving scheme | Damaged status | Not for loan | Collection code | Permanent Location | Current Location | Shelving location | Date acquired | Source of acquisition | Cost, normal purchase price | Total Checkouts | Full call number | Date last seen | Copy number | Koha item type |
|---|---|---|---|---|---|---|---|---|---|---|---|---|---|---|---|
| Dewey Decimal Classification | Non-fiction | Central Library, University of Rajshahi | Central Library, University of Rajshahi | 06/08/1968 | Sweels & Zeitlinger | 0.00 | 660.63 GRB 1967 | 29/01/2014 | C-1 | Books | |||||
| Dewey Decimal Classification | Non-fiction | Central Library, University of Rajshahi | Central Library, University of Rajshahi | 15/08/1968 | Sweets & Zeitlinger | 0.00 | 660.63 GRB 1967 | 22/05/2017 | C-2 | Books | |||||
| Dewey Decimal Classification | Non-fiction | Central Library, University of Rajshahi | Central Library, University of Rajshahi | 06/08/1968 | Sweets & Zeitlinger | 0.00 | 660.63 GRB 1967 | 22/05/2017 | C-3 | Books | |||||
| Dewey Decimal Classification | Non-fiction | Central Library, University of Rajshahi | Central Library, University of Rajshahi | 15/08/1968 | Sweets & Zeitlinger | 0.00 | 660.63 GRB 1967 | 22/05/2017 | C-4 | Books | |||||
| Dewey Decimal Classification | Non-fiction | Central Library, University of Rajshahi | Central Library, University of Rajshahi | 06/08/1968 | Sweets & Zeitlinger | 0.00 | 660.63 GRB 1967 | 22/05/2017 | C-5 | Books |